| 000 | 00901nab a22002177a 4500 | ||
|---|---|---|---|
| 999 |
_c4543 _d4543 |
||
| 003 | OSt | ||
| 005 | 20210609092550.0 | ||
| 008 | 190502c xxu||||| |||| 00| 0 spa d | ||
| 022 | _218510353 | ||
| 040 | _cPJ | ||
| 100 |
_95802 _aGarcía, Víctor Hugo |
||
| 245 | 1 | 0 |
_aDerecho penal y legado autoritario : _buna aproximación desde los aportes de Daniel Hellinger / _cVíctor Hugo García. |
| 260 | _c2021. | ||
| 300 | _ap. 3-9 | ||
| 500 | _aCita: LALEY AR/DOC/1021/2021. | ||
| 505 | _aSumario: I. Introducción.— II. Contexto histórico.— III. Literatura empleada.— IV. Análisis.— V. Conclusión. | ||
| 505 | _t¿Te interesa el texto completo? Solicitalo al correo: koha@justierradelfuego.gov.ar | ||
| 650 | 0 |
_9343 _aDERECHO PENAL |
|
| 773 | 0 |
_02729 _93180 _dBuenos Aires : LexisNexis, 2006- _tRevista de derecho penal y procesal penal. Nº 6 - Junio 2021 _z9875920622 |
|
| 942 |
_2udc _cANA |
||